[Event "Regionalliga NO 0607"]
[Site "Bayern"]
[Date "2007.02.25"]
[Round "6.7"]
[White "Hashemi, Abbas"]
[Black "Rahn, Martin"]
[Result "1-0"]
[WhiteElo "2042"]
[BlackElo "1860"]
[PlyCount "53"]
[EventDate "2006.10.15"]
[EventType "team-tourn"]
[EventRounds "9"]
[EventCountry "GER"]
[SourceTitle "EXT 2008"]
[Source "ChessBase"]
[SourceDate "2007.11.25"]
[SourceVersion "1"]
[SourceVersionDate "2007.11.25"]
[SourceQuality "1"]
[WhiteTeam "Nuernberg Sued SW"]
[BlackTeam "Kareth Lappersdorf"]
[WhiteTeamCountry "GER"]
[BlackTeamCountry "GER"]

1. e4 d6 2. d4 Nf6 3. Bd3 g6 4. Ne2 Bg7 5. 0-0 c5 6. c3 0-0 7. h3 Nc6 8. Be3 Nd7 9. Nd2 b6 10. f4 e6 11. Nf3 Ne7 12. Ng3 d5 13. f5 Bb7 14. fxe6 fxe6 15. Ng5 Qc7 16. Qg4 Qc6 17. Nxe6 Nf6 18. Rxf6 Rxf6 19. Nxg7 Rf7 20. N7f5 Nxf5 21. exf5 Kh8 22. fxg6 Rg7 23. Bf4 Bc8 24. Qh4 Rxg6 25. Qd8+ Kg7 26. Be5+ Rf6 27. Bxf6+ 1-0

[Event "Regionalliga NO 0506"]
[Site "Bayern"]
[Date "2006.01.15"]
[Round "5.8"]
[White "Seregelyes, Csaba"]
[Black "Rahn, Martin"]
[Result "1-0"]
[WhiteElo "2085"]
[BlackElo "1842"]
[PlyCount "83"]
[EventDate "2005.10.23"]
[EventType "team-tourn"]
[EventRounds "9"]
[EventCountry "GER"]
[SourceTitle "EXT 2007"]
[Source "ChessBase"]
[SourceDate "2006.11.23"]
[SourceVersion "1"]
[SourceVersionDate "2006.11.23"]
[SourceQuality "1"]

1. d4 d5 2. Nf3 Nf6 3. e3 e6 4. Bd3 c5 5. b3 Nbd7 6. Bb2 Be7 7. 0-0 0-0 8. Nbd2 b6 9. Ne5 Bb7 10. f4 Ne4 11. Rf3 f6 12. Nxd7 Qxd7 13. Rh3 g6 14. Nf3 Rad8 15. c4 Bc8 16. Qc2 Qb7 17. Nd2 f5 18. Nf3 Bf6 19. Ne5 Bd7 20. cxd5 exd5 21. Bxe4 fxe4 22. Nxd7 Qxd7 23. Rd1 Rc8 24. dxc5 Bxb2 25. Qxb2 bxc5 26. Rg3 Rc6 27. Qe5 Rf5 28. Qxe4 dxe4 29. Rxd7 Ra6 30. Rd2 Kg7 31. Rg5 Kf6 32. Rxf5+ gxf5 33. Rc2 Ra5 34. Kf2 Ke6 35. h3 Kd6 36. g4 fxg4 37. hxg4 Rb5 38. Kg3 Rb7 39. f5 Rg7 40. Kf4 h6 41. Rh2 Rh7 42. Kxe4 1-0

[Event "Regionalliga NO 0405"]
[Site "Bayern"]
[Date "2004.10.24"]
[Round "1.8"]
[White "Rahn, Martin"]
[Black "Hetzner, Helmut"]
[Result "1-0"]
[WhiteElo "1856"]
[BlackElo "1944"]
[PlyCount "85"]
[EventDate "2004.10.24"]
[EventType "team-tourn"]
[EventRounds "9"]
[EventCountry "GER"]
[SourceTitle "EXT 2007"]
[Source "ChessBase"]
[SourceDate "2006.11.23"]
[SourceVersion "1"]
[SourceVersionDate "2006.11.23"]
[SourceQuality "1"]
[WhiteTeam "Karethein"]
[BlackTeam "Schwabach"]
[WhiteTeamCountry "GER"]
[BlackTeamCountry "GER"]

1. e4 c6 2. d4 d5 3. exd5 cxd5 4. g3 Nf6 5. Bg2 Nc6 6. Nf3 Bg4 7. 0-0 e6 8. c3 Bd6 9. Re1 0-0 10. Nbd2 Qc7 11. Nf1 b5 12. Ne3 Bh5 13. Qc2 b4 14. Bd2 Rfc8 15. Rec1 Ne4 16. Be1 Qb6 17. Qa4 Rc7 18. Nd2 Nxd2 19. Bxd2 Rac8 20. Bf1 a5 21. Bb5 Na7 22. Bd3 f5 23. Qb3 Be8 24. Qd1 Bb5 25. Bc2 Bc4 26. Nxc4 Rxc4 27. Bd3 R4c7 28. Qe2 Bf8 29. Re1 Re7 30. a3 Nc6 31. axb4 axb4 32. Ra6 Qb7 33. Rea1 g6 34. R6a4 Kf7 35. Ba6 Qd7 36. Bxc8 Qxc8 37. Ra8 Qb7 38. Qa6 bxc3 39. bxc3 e5 40. Bg5 Rd7 41. dxe5 Qxa6 42. e6+ Kxe6 43. R1xa6 1-0

[Event "Regionalliga NO 0304"]
[Site "Bayern"]
[Date "2004.04.25"]
[Round "9.8"]
[White "Rahn, Martin"]
[Black "Braun, Xaver"]
[Result "1-0"]
[WhiteElo "1830"]
[BlackElo "1803"]
[PlyCount "79"]
[EventDate "2003.10.??"]
[EventType "team-tourn"]
[EventRounds "9"]
[EventCountry "GER"]
[SourceTitle "EXT 2006"]
[Source "ChessBase"]
[SourceDate "2005.11.24"]
[SourceVersion "1"]
[SourceVersionDate "2005.11.24"]
[SourceQuality "1"]
[WhiteTeam "Kareth Lappersdorf"]
[BlackTeam "Regensburg Eulenspiegel"]
[WhiteTeamCountry "GER"]
[BlackTeamCountry "GER"]

1. e4 e6 2. d3 d5 3. Nd2 Nf6 4. Ngf3 Be7 5. Be2 0-0 6. 0-0 c5 7. c4 Nc6 8. a3 Qc7 9. Qc2 b6 10. Re1 Bb7 11. Bd1 Rad8 12. Nb3 Ng4 13. h3 Nge5 14. Nxe5 Nxe5 15. cxd5 exd5 16. d4 Ng6 17. e5 Rc8 18. f4 cxd4 19. Nxd4 Qxc2 20. Nxc2 Bc5+ 21. Kh2 Rfe8 22. b4 Bf2 23. Rf1 Bh4 24. g3 Be7 25. Nd4 Ba6 26. Rf2 Bc4 27. Bb2 b5 28. Nf5 Bd8 29. Nd6 Bb6 30. Rc2 Red8 31. Nxc8 Rxc8 32. Bf3 d4 33. Be4 Rd8 34. Rd2 d3 35. Bxd3 Rxd3 36. Rad1 Rxd2+ 37. Rxd2 Kf8 38. Bd4 Bxd4 39. Rxd4 Ke7 40. a4 1-0

[Event "Regionalliga NO 0304"]
[Site "Bayern"]
[Date "2004.03.07"]
[Round "7.8"]
[White "Rahn, Martin"]
[Black "Gerl, Hans Peter"]
[Result "1/2-1/2"]
[WhiteElo "1830"]
[BlackElo "1973"]
[PlyCount "71"]
[EventDate "2003.10.??"]
[EventType "team-tourn"]
[EventRounds "9"]
[EventCountry "GER"]
[SourceTitle "EXT 2006"]
[Source "ChessBase"]
[SourceDate "2005.11.24"]
[SourceVersion "1"]
[SourceVersionDate "2005.11.24"]
[SourceQuality "1"]
[WhiteTeam "Kareth Lappersdorf"]
[BlackTeam "Zirndorf II"]
[WhiteTeamCountry "GER"]
[BlackTeamCountry "GER"]

1. e4 c5 2. Nf3 d6 3. d4 cxd4 4. Nxd4 Nf6 5. Nc3 a6 6. Be2 e5 7. Nb3 Be7 8. 0-0 0-0 9. f4 Nbd7 10. f5 Qc7 11. Kh1 b5 12. Bf3 Bb7 13. a3 Bc6 14. g4 Nc5 15. Qe1 h6 16. g5 hxg5 17. Bxg5 Nh7 18. Bd2 Ng5 19. Bg2 a5 20. Nxc5 dxc5 21. Qg3 f6 22. Rg1 b4 23. Nd5 Bxd5 24. exd5 Ra7 25. Rad1 Qd6 26. h4 Nh7 27. Bf3 Bd8 28. Bh6 Rff7 29. Rg2 Bb6 30. c4 bxc3 31. bxc3 c4 32. Be2 Rac7 33. Qg4 Kf8 34. Bc1 Rc5 35. a4 Rc8 36. Bxc4 1/2-1/2